Verejný záujem v autorskom práve. Výnimky a obmedzenia - reštriktívne?
Autorské právo prenecháva majetkové práva autorom s vidinou dosiahnutia určitých spoločenských ideálov, akými sú stimulácia ďalšej ľudskej kreativity, ochrana výsledkov vlastnej práce (investície) či zveľaďovanie kultúrneho dedičstva. Tieto ideály však pri súčasnej explózii majetkovej ochrany v konk...
Gespeichert in:
| 1. Verfasser: | |
|---|---|
| Format: | Buchkapitel |
| Sprache: | Slowakisch |
| Schlagworte: | |
| Tags: |
Keine Tags, Fügen Sie das erste Tag hinzu!
|
MARC
| LEADER | 00000naa a2200000 4500 | ||
|---|---|---|---|
| 001 | 0177350 | ||
| 005 | 20231208095904.4 | ||
| 041 | 0 | |a slo | |
| 044 | |a SK | ||
| 245 | 1 | 0 | |a Verejný záujem v autorskom práve. Výnimky a obmedzenia - reštriktívne? |c Martin Husovec |
| 520 | |a Autorské právo prenecháva majetkové práva autorom s vidinou dosiahnutia určitých spoločenských ideálov, akými sú stimulácia ďalšej ľudskej kreativity, ochrana výsledkov vlastnej práce (investície) či zveľaďovanie kultúrneho dedičstva. Tieto ideály však pri súčasnej explózii majetkovej ochrany v konkrétnej aplikácii často zanedbávajú ostatný verejný záujem spoločnosti. | ||
| 610 | 2 | 0 | |a licencie |
| 610 | 2 | 0 | |a právo autorské |
| 610 | 2 | 0 | |a záujmy verejné |
| 610 | 2 | 0 | |a technológie informačné |
| 610 | 2 | 0 | |a technológie komunikačné |
| 100 | 1 | |a Husovec, Martin | |